书目信息 |
| 题名: |
建筑构造
|
|
| 作者: | 裴刚 , 安艳华 本书主编 | |
| 分册: | 上册 | |
| 出版信息: | 武汉 华中科技大学出版社 2008.08 |
|
| 页数: | 297页 | |
| 开本: | 26cm | |
| 丛书名: | ||
| 单 册: | ||
| 中图分类: | TU22 | |
| 科图分类: | ||
| 主题词: | 建筑构造--jian zhu gou zao | |
| 电子资源: | ||
| ISBN: | 978-7-5609-4720-4 | |
| 000 | 00994nam0 2200277 450 | |
| 001 | 012008232673 | |
| 005 | 20081221102737.75 | |
| 010 | @a978-7-5609-4720-4@dCNY38.00 | |
| 100 | @a20081221d2008 em y0chiy0120 ea | |
| 101 | 0 | @achi |
| 102 | @aCN@b420000 | |
| 105 | @aak a 000yy | |
| 106 | @ar | |
| 200 | 1 | @a建筑构造@Ajian zhu gou zao@h上册@d= Architectural construction@hI@f裴刚, 安艳华本书主编@Fpei gang,an yan hua ben shu zhu bian@zeng |
| 210 | @a武汉@c华中科技大学出版社@d2008.08 | |
| 215 | @a297页@c图@d26cm | |
| 300 | @a普通高等院校建筑专业“十一五”规划精品教材 | |
| 320 | @a有书目 | |
| 330 | @a全书共有11章,内容包括建筑构造概论、墙体构造、地基与基础构造、楼地层、楼梯构造、屋顶构造、门窗构造、变形缝构造等。 | |
| 510 | 1 | @aArchitectural construction@zeng |
| 606 | 0 | @a建筑构造@Ajian zhu gou zao |
| 690 | @aTU22@v4 | |
| 701 | 0 | @a裴刚@Apei gang@4本书主编 |
| 701 | 0 | @a安艳华@Aan yan hua@4本书主编 |
| 801 | 0 | @aCN@bQSSK@c20081221 |
| 905 | @b736148-50@dTU22@eP382:1@f3 | |
| 建筑构造.上册= Architectural construction.I/裴刚, 安艳华本书主编.-武汉:华中科技大学出版社,2008.08 |
| 297页:图;26cm |
| 普通高等院校建筑专业“十一五”规划精品教材 |
| ISBN 978-7-5609-4720-4:CNY38.00 |
| 全书共有11章,内容包括建筑构造概论、墙体构造、地基与基础构造、楼地层、楼梯构造、屋顶构造、门窗构造、变形缝构造等。 |
| ● |
| 相关链接 |
|
|
|
正题名:建筑构造
索取号:TU22/P382:1
 
预约/预借
| 序号 | 登录号 | 条形码 | 馆藏地/架位号 | 状态 | 备注 |
| 1 | 736148 | 207361488 | 建筑库101/101建筑库 45排7列2层/ [索取号:TU22/P382:1] | 在馆 | |
| 2 | 736149 | 207361497 | 建筑库101/101建筑库 45排7列2层/ [索取号:TU22/P382:1] | 在馆 | |
| 3 | 736150 | 207361503 | 建筑库101/ [索取号:TU22/P382:1] | 在馆 |